00242nam a2200109Ia 4500003000400000005001700004008004100021020001500062040000900077100002100086245002500107OSt20240123110309.0170524s9999 xx 000 0 und d a8184883196 cIIMT aSRIVASTAVA- R.M. 0aFINANCIAL MANAGEMENT